[Event "MMM 2014, Krakow B"]
[Site "Krakow, Hotel Europejski"]
[Date "2014.05.02"]
[Round "6.3"]
[White "Krzeminski, Sebastian"]
[Black "Czarkowski, Tomasz"]
[Result "1-0"]
[WhiteElo "1691"]
[BlackElo "1645"]
[PlyCount "155"]
[EventDate "2014.??.??"]

1. d4 d5 2. c4 e6 3. Nf3 Bd6 4. Qc2 Nf6 5. Bg5 Nbd7 6. Nbd2 h6 7. Bh4 O-O 8. e3
c6 9. Be2 Re8 10. O-O Qc7 11. Rac1 Ng4 12. Bg3 Bxg3 13. hxg3 Ngf6 14. Rfd1 Qd6
15. a3 e5 16. cxd5 Nxd5 17. Nc4 Qe7 18. dxe5 N7b6 19. Nd6 Rd8 20. e4 Nc7 21. a4
Ne8 22. a5 Nd7 23. Nf5 Qb4 24. Rd4 Qxa5 25. Rcd1 Qc7 26. Bc4 b5 27. e6 bxc4 28.
e7 Ba6 29. exd8=Q Rxd8 30. Qd2 Nef6 31. e5 c5 32. Rh4 Nh7 33. Rxh6 Ndf8 34.
Qxd8 Qxd8 35. Rxd8 gxh6 36. Nxh6+ Kg7 37. Nf5+ Kg6 38. Ne7+ Kg7 39. Ra8 Bb7 40.
Rxa7 Bxf3 41. gxf3 Ng5 42. Kg2 Nfe6 43. Ra4 f6 44. f4 Nf7 45. Rxc4 fxe5 46. f5
Nd4 47. Rxc5 Kf6 48. Nc6 Nxf5 49. b4 Ke6 50. g4 N5d6 51. b5 Ne4 52. Rc1 Nf6 53.
b6 Nd6 54. Nd8+ Kd7 55. b7 Nxb7 56. Nxb7 Nxg4 57. Rc4 Nf6 58. Kf3 Ke6 59. Rc6+
Kf5 60. Rxf6+ Kxf6 61. Ke4 Ke6 62. Na5 Kf6 63. Nc4 Ke6 64. Nxe5 Kf6 65. f4 Ke6
66. Ng4 Kf7 67. f5 Kf8 68. Ke5 Kf7 69. f6 Kf8 70. Ke6 Ke8 71. f7+ Kf8 72. Ne3
Kg7 73. Ke7 Kg6 74. f8=Q Kh7 75. Qf5+ Kg8 76. Qg5+ Kh7 77. Kf7 Kh8 78. Qg7# 1-0

[Event "MMM 2014, Krakow B"]
[Site "Krakow, Hotel Europejski"]
[Date "2014.05.02"]
[Round "6.4"]
[White "Madej, Roman"]
[Black "Lenda, Lukasz"]
[Result "1-0"]
[WhiteElo "1737"]
[BlackElo "1817"]
[PlyCount "59"]
[EventDate "2014.??.??"]

1. d4 Nf6 2. c4 d6 3. Nc3 g6 4. e4 Nbd7 5. Nf3 e5 6. Be2 Bg7 7. O-O O-O 8. Qc2
a5 9. Rd1 Ng4 10. dxe5 dxe5 11. h3 Nh6 12. Bxh6 Bxh6 13. Nxe5 Qe7 14. Ng4 Qh4
15. Nxh6+ Qxh6 16. Nd5 Nc5 17. Nxc7 Rb8 18. Nd5 Qg5 19. Kf1 f5 20. e5 f4 21.
Nf6+ Kg7 22. Qc3 b6 23. Bf3 Bf5 24. Rd6 Qh4 25. Rad1 h5 26. a3 Rf7 27. b4 axb4
28. axb4 Ne6 29. Nd7 Ra8 30. Bxa8 1-0

[Event "MMM 2014, Krakow B"]
[Site "Krakow, Hotel Europejski"]
[Date "2014.05.02"]
[Round "6.5"]
[White "Stanuch, Marcin"]
[Black "Dobrzanska, Joanna"]
[Result "1-0"]
[WhiteElo "1605"]
[BlackElo "1568"]
[PlyCount "141"]
[EventDate "2014.??.??"]

1. e4 c5 2. Nf3 Nc6 3. d4 cxd4 4. Nxd4 e5 5. Nb5 a6 6. Nd6+ Bxd6 7. Qxd6 Qf6 8.
Qxf6 Nxf6 9. Bd3 d5 10. Nc3 Be6 11. Bg5 d4 12. Ne2 Nd7 13. O-O Nb4 14. a3 Nxd3
15. cxd3 Rc8 16. Rac1 O-O 17. Be7 Rfe8 18. Bd6 Bb3 19. Rxc8 Rxc8 20. Rc1 Bc2
21. Bxe5 Nxe5 22. Nxd4 Nxd3 23. Rxc2 Rxc2 24. Nxc2 Nxb2 25. Kf1 Nc4 26. Ke2 f6
27. f4 Kf7 28. Kd3 b5 29. Kd4 Ke7 30. Kc5 Kd7 31. g4 Nd6 32. Kd5 Nc4 33. h4
Nb6+ 34. Kd4 Kd6 35. Ne3 g6 36. g5 fxg5 37. hxg5 Nd7 38. Nd5 Nc5 39. e5+ Kc6
40. Nb4+ Kb6 41. Kd5 a5 42. Nc2 Nd3 43. Ke4 Nc5+ 44. Ke3 Kc7 45. f5 gxf5 46.
Kf4 Kd7 47. Kxf5 Ke7 48. Nd4 b4 49. axb4 axb4 50. Nc6+ Kf7 51. Nxb4 Ne6 52. Nd3
Ng7+ 53. Kf4 Ne6+ 54. Kg4 Ng7 55. Nf4 Ke7 56. Nh5 Ne6 57. Nf6 Nf8 58. Kf5 Ng6
59. Nxh7 Nh4+ 60. Ke4 Ng6 61. Nf6 Ke6 62. Ng4 Ne7 63. Ne3 Ng6 64. Nc4 Ne7 65.
Kf4 Ng6+ 66. Kg4 Nf8 67. Kh5 Kf5 68. Kh6 Ne6 69. g6 Nd8 70. Nd6+ Ke6 71. g7 1-0

[Event "MMM 2014, Krakow B"]
[Site "Krakow, Hotel Europejski"]
[Date "2014.05.03"]
[Round "7.2"]
[White "Madej, Roman"]
[Black "Golenia, Wojciech"]
[Result "1/2-1/2"]
[WhiteElo "1737"]
[BlackElo "1580"]
[PlyCount "98"]
[EventDate "2014.??.??"]

1. e4 e5 2. Nf3 Nc6 3. Bb5 a6 4. Ba4 Nf6 5. O-O b5 6. Bb3 Bc5 7. d3 O-O 8. Bg5
h6 9. Bh4 Be7 10. h3 a5 11. c3 a4 12. Bc2 Bb7 13. Re1 d5 14. exd5 Qxd5 15. c4
bxc4 16. Nc3 Qa5 17. dxc4 a3 18. Bxf6 axb2 19. Qd3 g6 20. Rab1 Bxf6 21. Ne4 Bg7
22. Rxb2 Nd4 23. Reb1 Bxe4 24. Qxe4 f5 25. Qd5+ Qxd5 26. cxd5 Ne2+ 27. Kf1 Nc3
28. Re1 e4 29. Nh4 Kh7 30. g3 Nxd5 31. Rb7 Rfb8 32. Rxb8 Rxb8 33. Bb3 c6 34.
Rd1 Rd8 35. Kg1 Bf6 36. Ng2 Ra8 37. Bxd5 cxd5 38. Rxd5 Rxa2 39. Rd7+ Bg7 40.
Nf4 Ra6 41. h4 g5 42. hxg5 hxg5 43. Nh5 Rg6 44. Rf7 f4 45. gxf4 gxf4+ 46. Kf1
f3 47. Ke1 Kh6 48. Nxg7 Rxg7 49. Rf4 Re7 1/2-1/2

[Event "MMM 2014, Krakow B"]
[Site "Krakow, Hotel Europejski"]
[Date "2014.05.03"]
[Round "7.3"]
[White "Tracz, Marcelina"]
[Black "Kepowicz, Artur"]
[Result "1-0"]
[WhiteElo "1769"]
[BlackElo "1775"]
[PlyCount "34"]
[EventDate "2014.??.??"]

1. e4 c5 2. Nf3 d6 3. d4 cxd4 4. Nxd4 Nc6 5. Nc3 Nf6 6. Bg5 e6 7. f4 Be7 8. Bb5
Bd7 9. Bxc6 bxc6 10. Qd3 d5 11. e5 Ng8 12. Bxe7 Nxe7 13. g4 h6 14. Nb3 O-O 15.
Nc5 Bc8 16. O-O-O Qb6 17. N3a4 Qb5 {zapis nieczytelny} 1-0

[Event "MMM 2014, Krakow B"]
[Site "Krakow, Hotel Europejski"]
[Date "2014.05.03"]
[Round "7.4"]
[White "Czarkowski, Tomasz"]
[Black "Stanuch, Marcin"]
[Result "1-0"]
[WhiteElo "1645"]
[BlackElo "1605"]
[PlyCount "75"]
[EventDate "2014.??.??"]

1. d4 Nf6 2. c4 g6 3. Bf4 Bg7 4. Nc3 d6 5. Nf3 O-O 6. h3 c6 7. e3 Qb6 8. Qc2
Re8 9. a3 a5 10. c5 Qd8 11. Na4 Ra7 12. cxd6 exd6 13. Bd3 b5 14. Nc3 Be6 15.
O-O a4 16. Nd2 Nh5 17. Bh2 d5 18. Na2 Qb6 19. Rac1 Bd7 20. Nf3 Na6 21. Ne5 Bxe5
22. Bxe5 Ng7 23. e4 Raa8 24. exd5 cxd5 25. Nc3 Qb7 26. Rfe1 Re6 27. Nxd5 Rc8
28. Nc3 Rce8 29. Be4 Qc8 30. Bd5 Rb6 31. Ne4 Qxc2 32. Rxc2 Bf5 33. Rc6 Rxc6 34.
Bxc6 Re6 35. Nf6+ Kh8 36. d5 Re7 37. d6 Ra7 38. Ne8 1-0

[Event "MMM 2014, Krakow B"]
[Site "Krakow, Hotel Europejski"]
[Date "2014.05.03"]
[Round "7.5"]
[White "Fukowski, Pawel"]
[Black "Kolodziej, Krzysztof"]
[Result "1-0"]
[WhiteElo "1712"]
[BlackElo "1702"]
[PlyCount "63"]
[EventDate "2014.??.??"]

1. d4 Nf6 2. c4 g6 3. Nc3 Bg7 4. e4 d6 5. f3 O-O 6. Be3 Nc6 7. Nge2 a6 8. a3
Rb8 9. b4 Bd7 10. Qd2 e5 11. d5 Ne7 12. O-O-O Ne8 13. Kb2 f5 14. Nc1 f4 15. Bf2
Nf6 16. Nb3 Rf7 17. a4 Qe8 18. Ra1 Nc8 19. Be2 c6 20. a5 cxd5 21. cxd5 g5 22.
Qd3 b5 23. axb6 Nxb6 24. Rxa6 Na4+ 25. Ka3 Nxc3 26. Qxc3 Bf8 27. Rc1 Bc8 28.
Rb6 Ra8+ 29. Na5 Nd7 30. Rc6 Bb7 31. Rc7 Rc8 32. Rxc8 1-0

[Event "MMM 2014, Krakow B"]
[Site "Krakow, Hotel Europejski"]
[Date "2014.05.03"]
[Round "8.2"]
[White "Fukowski, Pawel"]
[Black "Tracz, Marcelina"]
[Result "1-0"]
[WhiteElo "1712"]
[BlackElo "1769"]
[PlyCount "131"]
[EventDate "2014.??.??"]

1. c4 e6 2. g3 d5 3. d4 Nf6 4. Nf3 Nbd7 5. Bg2 c6 6. b3 Ne4 7. O-O Bd6 8. Bb2
O-O 9. Nbd2 Nxd2 10. Nxd2 f5 11. f4 Nf6 12. e3 b5 13. c5 Bc7 14. b4 a5 15. a3
a4 16. Nf3 Qe8 17. Ne5 Bb7 18. h3 Bxe5 19. dxe5 Ne4 20. Qe1 Qg6 21. Bxe4 fxe4
22. g4 Bc8 23. Qh4 Ra7 24. Kh2 Kf7 25. Rf2 Ke8 26. Raf1 Raf7 27. Bc3 h6 28. Rg1
Bd7 29. Rff1 Bc8 30. Qe1 h5 31. gxh5 Qxh5 32. Rg4 Rh8 33. Qg3 Rh7 34. Rg1 Rf5
35. Qg2 Bd7 36. Rxg7 Rxg7 37. Qxg7 Rf7 38. Qg8+ Rf8 39. Qg6+ Qxg6 40. Rxg6 Kf7
41. Rg4 Rh8 42. Be1 Kf8 43. Bh4 Be8 44. Bf6 Rh7 45. Rg3 Bh5 46. Kg2 Kf7 47. Rg5
Bg6 48. Kg3 Bf5 49. h4 Bg6 50. Kg4 Rh6 51. h5 Bf5+ 52. Kh4 Rh7 53. Kg3 Kf8 54.
h6 Kf7 55. Bg7 Bg6 56. Kg4 Bf5+ 57. Rxf5+ exf5+ 58. Kxf5 Ke7 59. e6 d4 60. Kxe4
dxe3 61. Kxe3 Kxe6 62. Ke4 Kf7 63. Ke5 Kg6 64. f5+ Kf7 65. f6 Kg8 66. Ke6 1-0

[Event "MMM 2014, Krakow B"]
[Site "Krakow, Hotel Europejski"]
[Date "2014.05.03"]
[Round "8.3"]
[White "Krzeminski, Sebastian"]
[Black "Madej, Roman"]
[Result "1-0"]
[WhiteElo "1691"]
[BlackElo "1737"]
[PlyCount "97"]
[EventDate "2014.??.??"]

1. d4 d5 2. c4 c6 3. Nf3 e6 4. e3 Nf6 5. Qc2 Nbd7 6. Nbd2 Bd6 7. Bd3 O-O 8. O-O
Re8 9. e4 dxe4 10. Nxe4 Nxe4 11. Bxe4 Nf6 12. Bg5 h6 13. Bh4 Be7 14. Bg3 Nxe4
15. Qxe4 Qb6 16. b3 Bd7 17. Ne5 Rad8 18. c5 Qb4 19. Nc4 b5 20. Ne5 f6 21. Nxd7
Kf7 22. Rfe1 e5 23. Qf5 Kg8 24. dxe5 fxe5 25. Qg6 Bg5 26. h4 Bxh4 27. Bxh4 Qxh4
28. Nxe5 Rf8 29. Nf3 Qb4 30. Re7 Qc3 31. Rae1 Qf6 32. Qxf6 Rxf6 33. Re8+ Rf8
34. Rxf8+ Kxf8 35. Re6 Rd1+ 36. Kh2 g5 37. Rxh6 g4 38. Nh4 Rd2 39. Rxc6 Rxa2
40. Ng6+ Ke8 41. Rf6 Kd7 42. c6+ Kc7 43. Nf4 Rd2 44. b4 a5 45. bxa5 b4 46. a6
Kb6 47. Rf8 b3 48. Rb8+ Kxc6 49. a7 1-0

[Event "MMM 2014, Krakow B"]
[Site "Krakow, Hotel Europejski"]
[Date "2014.05.03"]
[Round "8.4"]
[White "Golenia, Jan"]
[Black "Czarkowski, Tomasz"]
[Result "0-1"]
[WhiteElo "1534"]
[BlackElo "1645"]
[PlyCount "128"]
[EventDate "2014.??.??"]

1. d4 d5 2. Bf4 Bf5 3. e3 Nf6 4. c4 e6 5. Nc3 a6 6. Qb3 b6 7. Nf3 dxc4 8. Bxc4
b5 9. Be2 c5 10. dxc5 Bxc5 11. O-O O-O 12. Rad1 Qb6 13. Ne5 Ra7 14. Rd2 Nbd7
15. Rfd1 Nxe5 16. Bxe5 Bxe3 17. Bd4 Bxd4 18. Rxd4 Qc5 19. Bf3 e5 20. Rd8 Be6
21. Rxf8+ Kxf8 22. Bd5 Nxd5 23. Ne4 Qb4 24. Qf3 Qe7 25. Qh5 Nf6 26. Qxe5 Rd7
27. Rc1 Nxe4 28. Qxe4 Qd8 29. Qf3 Rd3 30. Qh5 g6 31. Qc5+ Kg8 32. Qc2 Bxa2 33.
h3 Bb3 34. Qc6 Rd1+ 35. Rxd1 Qxd1+ 36. Kh2 Qd4 37. Qxa6 Bc4 38. b3 Bd3 39. Qc8+
Kg7 40. Qc7 b4 41. f4 Qc3 42. Qd6 Be4 43. Qd1 Bc2 44. Qd6 Bxb3 45. f5 g5 46.
Qd8 Qe5+ 47. Kh1 Qxf5 48. Qd4+ Qf6 49. Qxb4 Qf1+ 50. Kh2 Qf4+ 51. Qxf4 gxf4 52.
Kg1 Kg6 53. Kf2 Kf5 54. g4+ Kg5 55. Kf3 Bd5+ 56. Kf2 f3 57. Kg3 f5 58. h4+ Kg6
59. gxf5+ Kxf5 60. Kf2 Kf4 61. h5 h6 62. Kf1 Kg3 63. Kg1 f2+ 64. Kf1 Bc4# 0-1

[Event "MMM 2014, Krakow B"]
[Site "Krakow, Hotel Europejski"]
[Date "2014.05.03"]
[Round "8.5"]
[White "Kepowicz, Artur"]
[Black "Lenda, Lukasz"]
[Result "1-0"]
[WhiteElo "1775"]
[BlackElo "1817"]
[PlyCount "65"]
[EventDate "2014.??.??"]

1. e4 c5 2. Nf3 d6 3. d4 cxd4 4. Nxd4 Nf6 5. Nc3 a6 6. Be2 e6 7. O-O Be7 8. f4
Qc7 9. f5 e5 10. Nb3 b5 11. Bf3 Bb7 12. Bg5 Nbd7 13. a3 h6 14. Be3 Nc5 15. Nxc5
dxc5 16. Bf2 Rd8 17. Qe2 O-O 18. Rfd1 g6 19. Bg3 Bd6 20. Rf1 b4 21. Nd1 gxf5
22. Bh4 Nxe4 23. Bxd8 Rxd8 24. Nf2 Nxf2 25. Bxb7 e4 26. Qxf2 Bxh2+ 27. Kh1 bxa3
28. Rxa3 e3 29. Rxe3 f4 30. Rh3 Bg3 31. Qf3 Rb8 32. Be4 Qe5 33. Rxg3+ 1-0

[Event "MMM 2014, Krakow B"]
[Site "Krakow, Hotel Europejski"]
[Date "2014.05.04"]
[Round "9.2"]
[White "Krzeminski, Sebastian"]
[Black "Fukowski, Pawel"]
[Result "0-1"]
[WhiteElo "1691"]
[BlackElo "1712"]
[PlyCount "110"]
[EventDate "2014.??.??"]

1. d4 Nf6 2. c4 e6 3. Nc3 c5 4. d5 exd5 5. cxd5 d6 6. e4 g6 7. Bd3 Bg7 8. Nge2
a6 9. a4 O-O 10. Bg5 h6 11. Bh4 g5 12. Bg3 Nh5 13. Qd2 b6 14. O-O Nxg3 15. Nxg3
Nd7 16. Nf5 Ne5 17. Nxg7 Kxg7 18. f4 Ng6 19. g3 Bh3 20. Rf3 Qc8 21. Bf1 f6 22.
Bxh3 Qxh3 23. Qg2 Qxg2+ 24. Kxg2 gxf4 25. Ne2 fxg3 26. hxg3 Rae8 27. Nf4 Nxf4+
28. Rxf4 f5 29. exf5 Re5 30. g4 Rxd5 31. Re1 Re5 32. Rd1 d5 33. b4 Kf6 34. bxc5
bxc5 35. Rb1 Kg5 36. Kg3 Re3+ 37. Rf3 Re4 38. Rb6 Rxg4+ 39. Kh3 Rh4+ 40. Kg3
Rxa4 41. Rg6+ Kh5 42. Rg7 Rf6 43. Rf2 Rh4 44. Rd7 Rg4+ 45. Kh3 d4 46. Rc7 Re4
47. Kg3 d3 48. Rxc5 Kg5 49. Rd5 Re3+ 50. Kg2 h5 51. Rf1 Re2+ 52. Kh3 Re3+ 53.
Kg2 h4 54. Rd1 Rg3+ 55. Kh2 Kg4 0-1

[Event "MMM 2014, Krakow B"]
[Site "Krakow, Hotel Europejski"]
[Date "2014.05.04"]
[Round "9.3"]
[White "Golenia, Wojciech"]
[Black "Kepowicz, Artur"]
[Result "1-0"]
[WhiteElo "1580"]
[BlackElo "1775"]
[PlyCount "63"]
[EventDate "2014.??.??"]

1. Nf3 d5 2. c4 c6 3. b3 Nf6 4. Bb2 e6 5. e3 Be7 6. Be2 O-O 7. O-O Nbd7 8. d3
Re8 9. Nbd2 b6 10. cxd5 exd5 11. e4 dxe4 12. dxe4 Bb7 13. Qc2 Qc7 14. e5 Ng4
15. Qe4 Ngf6 16. Qf5 g6 17. Qc2 Nh5 18. Bc4 Ng7 19. Qc3 Ne6 20. Bxe6 fxe6 21.
Qc4 Nf8 22. Ne4 Rad8 23. Nf6+ Bxf6 24. exf6 Rd5 25. Qc3 e5 26. Ng5 Kh8 27. f4
Rc5 28. Qh3 Bc8 29. Qh6 Be6 30. fxe5 Rc2 31. f7 Bd5 32. Rf2 1-0

[Event "MMM 2014, Krakow B"]
[Site "Krakow, Hotel Europejski"]
[Date "2014.05.04"]
[Round "9.4"]
[White "Tracz, Marcelina"]
[Black "Kowalewski, Wladyslaw"]
[Result "1-0"]
[WhiteElo "1769"]
[BlackElo "1732"]
[PlyCount "45"]
[EventDate "2014.??.??"]

1. e4 d5 2. exd5 Nf6 3. d4 Nxd5 4. c4 Nb6 5. Nf3 g6 6. Nc3 Bg7 7. Be3 O-O 8.
Be2 Bg4 9. O-O N8d7 10. c5 Bxf3 11. Bxf3 Nc4 12. Qb3 Nxe3 13. fxe3 e5 14. Rad1
exd4 15. exd4 Rb8 16. Qc4 b5 17. Nxb5 a6 18. Nc3 Rxb2 19. Na4 Rb8 20. Qxa6 Rb4
21. c6 Nb6 22. Nxb6 Rxb6 23. Qc4 1-0

[Event "MMM 2014, Krakow B"]
[Site "Krakow, Hotel Europejski"]
[Date "2014.05.04"]
[Round "9.5"]
[White "Madej, Roman"]
[Black "Stanuch, Marcin"]
[Result "1/2-1/2"]
[WhiteElo "1737"]
[BlackElo "1605"]
[PlyCount "78"]
[EventDate "2014.??.??"]

1. d4 Nf6 2. c4 g6 3. Nc3 Bg7 4. e4 d6 5. Nf3 O-O 6. Be2 Nc6 7. O-O e5 8. d5
Ne7 9. b4 a5 10. bxa5 Rxa5 11. Nb5 Nxe4 12. Bb2 b6 13. Bd3 Nc5 14. Bc2 Bd7 15.
a4 Bxb5 16. axb5 Qa8 17. Ng5 f5 18. Qd2 h6 19. Rxa5 Qxa5 20. Qxa5 bxa5 21. Nf3
Ra8 22. Ra1 Nc8 23. Nd2 e4 24. Bxg7 Kxg7 25. Kf1 Kf6 26. Ke2 Nb6 27. Ke3 g5 28.
Kd4 Nbd7 29. Ra3 g4 30. Nf1 h5 31. Nd2 Kg5 32. h3 Ne5 33. hxg4 hxg4 34. Nb3
Nxb3+ 35. Rxb3 Nd7 36. Ra3 Nc5 37. g3 Kf6 38. Ba4 Kg5 39. Ra1 Kf6 1/2-1/2